000 00609nam a2200205Ia 4500
005 20250923145358.0
008 008 250917s9999 xx 000 0 eng d
037 _aTextual
040 _aDSWL
_beng
_cDSWL
041 _aeng
_2eng
084 _aV2-3(Z,7,5)'L78, N65;1
_qDSWL
100 _aMarshall, P.J.
_9834679
245 0 _aImpeachment of warren hasting
_c by P.J. Marshall
260 _aLondon
_bOxford University Press
_c1965
300 _axix,217 p.
365 _aINR
_b30 . 0
925 _g30 . 0
942 _cTEXL
_hV2-3(Z,7,5)'L78, N65;1
999 _c1450662
_d1450662